Najbiedniejsze powiaty Polski - Statystyki

Ogólne statystyki
  • Ten quiz został rozwiązany 32 razy
  • Średni wynik to 12 z 20
Statystyki odpowiedzi
Dochód podatkowy (zł/os.) Województwo Powiat % Poprawnych
167,70 lubelskie hrubieszowski
80%
164,58 podkarpackie lubaczowski
80%
186,06 lubelskie tomaszowski
77%
179,59 podkarpackie brzozowski
70%
195,45 lubelskie włodawski
70%
172,79 podlaskie moniecki
67%
198,65 podkarpackie strzyżowski
67%
166,81 małopolskie dąbrowski
63%
162,64 świętokrzyskie kazimierski
63%
168,31 lubelskie opolski
63%
187,39 podkarpackie przemyski
60%
198,28 lubelskie krasnostawski
57%
189,04 podkarpackie leżajski
57%
191,87 podkarpackie niżański
57%
194,26 lubelskie zamojski
57%
166,83 lubelskie chełmski
53%
196,80 mazowieckie lipski
50%
181,59 mazowieckie przysuski
50%
194,95 kujawsko-pomorskie sępoleński
30%
195,68 warmińsko-mazurskie nidzicki
27%
Nie znaleziono quizów pasujących do podanych kryteriów
Rozkład punktacji
Procent ludzi z każdym wynikiem
Percentyl według liczby udzielonych odpowiedzi
Twoja historia wyników
Nie rozwiązałeś tego quizu